000 01019nam a2200325 a 4500
003 AR-BaBNM
005 20251128203651.0
008 082120s2002 ||||||||||||||000 | spa||
040 _cAR-BaBNM
245 0 0 _aEl inventario de glaciares y su relación con algunos aspectos geomorfológicos de las Islas James Ross y Vega, Península Antártica
260 _aBuenos Aires
_bDirección Nacional del Antártico
_c1983
300 _a16 p.
_bmapas, il., láms., tablas
490 0 _aInstituto Antártico Argentino
_vv. 288
504 _aBibliografía p. 15
650 4 _aREGIONES POLARES
650 4 _aZONAS CLIMATICAS
650 4 _aOCEANOGRAFIA
650 4 _aEXPEDICIONES CIENTIFICAS
650 4 _aEXPLORACION OCEANICA
650 4 _aINVESTIGACION CIENTIFICA
650 4 _aEXPLORACION DE RECURSOS
650 4 _aGEOLOGIA
651 4 _aAntártida
700 1 _aRabassa, Jorge
700 1 _aSkvarca, Pedro
700 1 _aBertani, Luis
700 1 _aMazzoni, Elizabeth
942 _cBK
998 _cmariana
999 _c4403
_d4403